New York Knicks 2025-2026 Roster - Statistics

General Stats
  • This quiz has been taken 367 times
    313 since last reset
  • The average score is 12 of 17
Answer Stats
Jersey # Pos Answer % Correct
11 G Jalen Brunson
98%
32 C-F Karl-Anthony Towns
97%
25 G-F Mikal Bridges
93%
3 G Josh Hart
92%
23 C-F Mitchell Robinson
90%
8 F-G OG Anunoby
88%
00 G Jordan Clarkson
87%
2 G Miles McBride
84%
13 G Tyler Kolek
81%
44 G Landry Shamet
72%
51 F Mohamed Diawara
66%
55 C Ariel Hukporti
62%
4 F Pacome Dadiet
60%
9 G Kevin McCullar Jr
42%
50 C Trey Jemison III
37%
5 G Jose Alvarado
30%
33 F Dillon Jones
19%
No matching quizzes found
Score Distribution
Percent of People with Each Score
Percentile by Number Answered
Your Score History
You have not taken this quiz since the last reset